| 000 | 01137nam a2200229Ia 4500 | ||
|---|---|---|---|
| 003 | Ost | ||
| 005 | 20260507074903.0 | ||
| 008 | 260507s9999||||xx |||||||||||||| ||und|| | ||
| 040 | _cfsecg | ||
| 041 | _aara | ||
| 082 | _a338 | ||
| 100 |
_aكلارك، روجر _eمؤلف |
||
| 245 | 0 |
_aإقتصاديات الصناعة / _c روجر كلارك |
|
| 260 |
_aالرياض: _bدار المريخ للنشر, _c1994 |
||
| 300 |
_a472 صفحة؛ _bإيضاحات ؛ _c24 سم |
||
| 504 | _aببليوغرافيا: ص.459 | ||
| 520 | _aتركيز السوق، النظرية السعرية لأحتكار القلة، عوائق الدخول، الربحية وهيكل السوق، الإعلان، التقدم التقني، التكامل الراسي، التجمع المتنوع، التكاليف الإجتماعية للإحتكار، السياسة التنفيذية لممارسات التجارة، سياسة الإحتكارات والإندماجات | ||
| 653 | _aالتجارة | ||
| 653 | _aالصناعة-اقتصاديات | ||
| 700 |
_aطاهر، فريد بشير _eمؤلف ثانوي |
||
| 942 | _cكتاب | ||
| 999 |
_c41671 _d41671 |
||